000 00898nam a22003017a 4500
001 BR8702675
003 BR-BrBNA
005 20230928092523.0
007 ta
008 230509b bl.||||| |||| 00| 0 por d
040 _aBR-BrBNA
_bpor
_cBiblioteca Nacional de Agricultura
041 _a(Por)
072 _aE13; F01; L01
090 _ E13 BR8702675
100 1 _aFernandes, W.
100 1 _aTeixeira, E.C.
110 1 _aUniversidade Federal de Vicosa, MG (Brasil). Conselho de Extensao
_910969
245 1 _aDespesas de custeio em planejamento agropecuario
260 3 _aVicosa, MG (Brasil):
_c1981.
300 _a33 p.
500 _a(*) Documento disponível no(a) Universidade Federal de Vicosa, MG (Brazil). Biblioteca Central
650 _aDESPESA
650 _aCUSTO
650 _aPLANTIO
650 _aBOVINOCULTURA
909 _a202309
_bLucia
_c55
_dLucia Elande
942 _cBK
999 _c39571
_d39571